Tribhuvan University Central Library

Pokhara mahanagarpalikaka dalit jatiharuko samajik tatha aarthik avastha (Record no. 96279)

MARC details
000 -LEADER
fixed length control field 00501nam a22001817a 4500
008 - FIXED-LENGTH DATA ELEMENTS--GENERAL INFORMATION
fixed length control field 200708b xxu||||| |||| 00| 0 eng d
041 ## - LANGUAGE CODE
Language code of text/sound track or separate title Nep.
082 ## - DEWEY DECIMAL CLASSIFICATION NUMBER
Edition number CD16583
100 ## - MAIN ENTRY--PERSONAL NAME
Personal name Subedi, Radha
245 ## - TITLE STATEMENT
Title Pokhara mahanagarpalikaka dalit jatiharuko samajik tatha aarthik avastha
260 ## - PUBLICATION, DISTRIBUTION, ETC. (IMPRINT)
Place of publication, distribution, etc Pokhara:
Date of publication, distribution, etc 2076.
502 ## - DISSERTATION NOTE
Dissertation note Dissertation
Degree type Degree in Sociology
Name of granting institution PU
Year degree granted 2076
546 ## - LANGUAGE NOTE
Language note Nep.
650 ## - SUBJECT ADDED ENTRY--TOPICAL TERM
Topical term or geographic name as entry element Dalit
650 ## - SUBJECT ADDED ENTRY--TOPICAL TERM
Topical term or geographic name as entry element Social conditions
650 ## - SUBJECT ADDED ENTRY--TOPICAL TERM
Topical term or geographic name as entry element Economic conditions
942 ## - ADDED ENTRY ELEMENTS (KOHA)
Source of classification or shelving scheme Dewey Decimal Classification
Koha item type Audio Visual Materials
Holdings
Withdrawn status Lost status Source of classification or shelving scheme Damaged status Not for loan Home library Current library Date acquired Total Checkouts Full call number Barcode Date last seen Price effective from Koha item type
    Dewey Decimal Classification     Tribhuvan University Central Library Tribhuvan University Central Library 07/08/2020   CD16583 A16534 07/08/2020 07/08/2020 Audio Visual Materials